Statystyki dla Wszystkie morza oceanu Atlantyckiego!

Kliknij tutaj aby rozwiązać quiz!

Ogólne statystyki

  • Ten quiz został rozwiązany 138 razy
  • Średni wynik to 11 z 24

Statystyki odpowiedzi

Kraj z dostępem do tego morzaMorze% Poprawnych
PolskaBałtyckie
97%
RumuniaCzarne
91%
NiemcyPółnocne
84%
WłochyŚródziemne
83%
ChorwacjaAdriatyckie
81%
GrecjaEgejskie
75%
NorwegiaNorweskie
73%
KubaKaraibskie
66%
IrlandiaIrlandzkie
56%
GrecjaJońskie
54%
UkrainaAzowskie
48%
WłochyTyrreńskie
44%
TurcjaMarmara
41%
HiszpaniaBalearskie
28%
IrlandiaCeltyckie
25%
GrecjaKreteńskie
25%
WłochyLiguryjskie
20%
HiszpaniaAlborańskie
14%
Wielka BrytaniaSzkockie
14%
FinlandiaAlandzkie
12%
Grenlandia (Dania)Labradorskie
12%
GrecjaTrackie
11%
HolandiaWattowe
11%
GrecjaMirtejskie
7%

Rozkład punktacji

Percentyl według liczby udzielonych odpowiedzi

Procent ludzi z każdym wynikiem

Twoja historia wyników

Nie rozwiązałeś tego quizu